[Event "IND-ch U25"]
[Site "Kankarbagh"]
[Date "2015.10.13"]
[Round "1"]
[White "Aayush, Agarwal"]
[Black "Gusain, Himal"]
[Result "0-1"]
[WhiteElo "1529"]
[BlackElo "2326"]
[PlyCount "42"]
[EventDate "2015.10.13"]
[EventType "swiss"]
[EventRounds "9"]
[EventCountry "IND"]
[SourceTitle "CBM 168 Extra"]
[Source "ChessBase"]
[SourceDate "2015.10.29"]
[SourceVersion "1"]
[SourceVersionDate "2015.10.29"]
[SourceQuality "1"]

1. d4 d5 2. Nf3 e6 3. c4 c6 4. e3 Bd6 5. Nc3 f5 6. b3 Nf6 7. Bb2 0-0 8. g3 Ne4 9. c5 Bc7 10. Nd2 e5 11. Nf3 Nd7 12. b4 Nxc3 13. Bxc3 f4 14. dxe5 fxe3 15. fxe3 Qe7 16. Bd3 Nxe5 17. Nxe5 Bxe5 18. Bxh7+ Kh8 19. Bxe5 Qxe5 20. Bb1 Qc3+ 21. Qd2 Qxa1 0-1

[Event "IND-ch U17 25th"]
[Site "Bihar"]
[Date "2014.12.06"]
[Round "7"]
[White "Sai Agni, Jeevitesh J"]
[Black "Aayush, Agarwal"]
[Result "1-0"]
[WhiteElo "2058"]
[BlackElo "1594"]
[PlyCount "41"]
[EventDate "2014.12.02"]
[EventType "swiss"]
[EventRounds "11"]
[EventCountry "IND"]
[SourceTitle "EXT 2016"]
[Source "ChessBase"]
[SourceDate "2015.10.08"]
[SourceVersion "1"]
[SourceVersionDate "2015.10.08"]
[SourceQuality "1"]

1. d4 e6 2. Nf3 f5 3. g3 Nf6 4. Bg2 Bb4+ 5. c3 Be7 6. 0-0 0-0 7. Re1 Ne4 8. Qc2 d6 9. Nbd2 Ng5 10. Nxg5 Bxg5 11. f4 Bh6 12. e4 Bd7 13. exf5 Bc6 14. fxe6 Re8 15. d5 Bb5 16. c4 Ba6 17. b4 b6 18. Bb2 Bb7 19. Be4 a5 20. Bxh7+ Kh8 21. Qg6 1-0